| 000 | 00685nam a2200241Ia 4500 | ||
|---|---|---|---|
| 003 | OSt | ||
| 005 | 20220928121152.0 | ||
| 006 | a|||||r|||| 00| 0 | ||
| 007 | ta | ||
| 008 | 220927b |||||||| |||| 00| 0 eng d | ||
| 024 | _a28299 | ||
| 037 | _cTextual | ||
| 040 |
_aSDCL _cSDCL _beng |
||
| 041 |
_2eng _aeng |
||
| 082 | _aX:9, L2 | ||
| 100 |
_aDunn J D _9451607 |
||
| 245 | 0 |
_aManagement of personnel _b Manpower management and organizational behavior |
|
| 260 |
_aNew York _b McGrawHill _c1972 |
||
| 300 |
_axii,658p _ccm. |
||
| 700 |
_a Stephens Elvis C _9451608 |
||
| 942 |
_hX:9, L2 _cTEXL _2CC |
||
| 999 |
_c765650 _d765650 |
||